[Event "Tourn. n9798"]
[Site "www.chess-mail.com"]
[Date "2018.09.23"]
[Round "1"]
[White "Drawlward"]
[Black "Conde7"]
[WhiteElo "2570"]
[BlackElo "2810"]
[Result "1/2-1/2"]
[Round "1"]
1.e4 c5
2.Ng1f3 d6
3.d4 cxd4
4.Nf3xd4 Ng8f6
5.Nb1c3 a6
6.Bc1g5 Nb8d7
7.Qd1e2 h6
8.Bg5h4 g6
9.f4 e5
10.fxe5 dxe5
11.O-O-O Qd8c7
12.Nd4b3 b5
13.Qe2f3 Bf8g7
14.Bf1d3 O-O
15.Rh1f1 Bc8b7
16.a3 Ra8b8
17.g4 Bb7c6
18.g5 hxg5
19.Bh4xg5 a5
20.Nc3d5 Bc6xd5
21.exd5 e4
22.Bg5f4 Qc7b6
23.Bd3xe4 a4
24.Nb3d4 b4
25.Nd4c6 Rb8e8
26.Be4f5 bxa3
27.Qf3xa3 gxf5
28.Rf1g1 Re8e4
29.Bf4h6 Re4g4
30.Bh6e3 Bg7h6
31.Nc6e7 Kh7
32.Rg1e1 Qb6c5
33.Qa3xc5 Nd7xc5
34.Be3xh6 Kxh6
35.Ne7xf5 Kg6
36.Nf5e7 Kg7
37.Ne7f5 Kg6
38.Nf5e7 Kh7
39.d6 Nf6d7
40.Kb1 Rg4h4
41.Re1e2 f5
42.Re2f2 f4
43.Rd1d4 Kh6
44.Rf2f1 Nd7e5
45.h3 Kg5
46.Rf1g1 Kf6
47.Rg1f1 Kg5
48.Rf1g1 Kh6
49.Rg1f1 Nc5d7
50.c4 Kg5
51.Rd4d5 Kf6
52.Rd5d4 Ke6
53.Ne7d5 Nd7c5
54.Rf1xf4 Rh4xf4
55.Nd5xf4 Kd7
56.Rd4d5 Ne5xc4
57.Rd5xc5 Rf8xf4
58.Ka2 Kxd6
59.Rc5c8 Kd5
60.Rc8b8 Rf4f2
61.Ka1 Nc4d2
62.Ka2 Nd2c4
63.Ka1 Nc4d2
64.Ka2 Nd2b3
65.Rb8g8 Rf2h2
66.Rg8g4 Nb3c5
67.Rg4h4 Kc6
68.Rh4h8 Kb5
69.Rh8h5 Rh2e2
70.Ka3 Re2e1
71.Ka2 Re1e3
72.Rh5h8 Nc5d7
73.Rh8h5 Kc4
74.Rh5h4 Kb5
75.Rh4h5 Kc6
76.Rh5h6 Kc5
77.Rh6h5 Nd7e5
78.Rh5h8 Ne5c4
79.Rh8c8 Kb5
80.h4 Re3h3
81.Rc8h8 Rh3h2
82.Ka1 Nc4a5
83.Rh8b8 Kc4
84.Rb8c8 Kd5
85.Rc8d8 Kc6
86.Rd8c8 Kb7
87.Rc8g8 Na5b3
88.Ka2 Rh2xh4
89.Rg8g6 Nb3d4
90.Rg6g8 Kb6
91.Rg8b8 Kc5
92.Rb8c8 Kb4
93.Rc8b8 Nd4b5
94.Rb8g8 Rh4f4
95.Rg8g2 Nb5d6
96.Rg2g8 Rf4f2
97.Rg8b8 Nd6b5
98.Kb1 Rf2f1
99.Ka2 Rf1f2
100.Kb1 Rf2h2
101.Rb8g8 Rh2h1
102.Ka2 Rh1d1
103.Rg8h8 Rd1d2
104.Rh8h4 Ka5
105.Kb1 Nb5d4
106.Rh4h5 Kb4
107.Rh5h4 Kc4
108.Ka2 Kb4
109.Kb1 Kc4
110.Ka2 Kc5
111.Rh4g4 Kb4
112.Kb1 Kb3
113.Rg4g3 Kb4
114.Rg3g4 Ka5
115.Rg4g5 Nd4b5
116.Rg5h5 Rd2d4
117.Ka2 Rd4d1
118.Rh5g5 Rd1d2
119.Kb1 Kb4
120.Rg5g4 Rd2d4
121.Rg4g7 Nb5d6
122.Rg7g8 Rd4e4
123.Rg8b8 Kc5
124.Ka2 Re4b4
125.Rb8h8 Rb4c4
126.Rh8h1 Kb4
{ draw }
1/2-1/2

[Event "Match"]
[Site "www.echecsemail.com"]
[Date "2018.09.23"]
[Round "1"]
[White "Apdash"]
[Black "Goofy"]
[WhiteElo "2160"]
[BlackElo "2360"]
[Result "1-0"]
[Round "1"]
1.d4 d5
2.c4 Nb8c6
3.cxd5 Qd8xd5
4.e3 e5
5.Nb1c3 Bf8b4
6.a3 Bb4xc3
7.bxc3 Ng8f6
8.c4 Qd5d6
9.d5 Nc6e7
10.Qd1c2 e4
11.Bc1b2 Bc8f5
12.Ng1e2 O-O
13.Ne2g3 Bf5g6
14.Bf1e2 Ra8e8
15.O-O Ne7f5
16.a4 Nf5xg3
17.fxg3 Nf6d7
18.Be2g4 Nd7e5
19.Bg4e2 f6
20.Bb2a3 { resign }
1-0

[Event "Tourn. n9935"]
[Site "www.echecsemail.com"]
[Date "2018.09.23"]
[Round "1"]
[White "Hansen"]
[Black "Alcon"]
[WhiteElo "1620"]
[BlackElo "1569"]
[Result "0-1"]
[Round "1"]
1.e4 d5
2.e5 c5
3.h3 Bc8f5
4.Ng1f3 e6
5.d3 Nb8c6
6.Bc1g5 Bf8e7
7.Bg5e3 b5
8.Nb1c3 d4
9.Nc3xb5 dxe3
10.fxe3 Ra8b8
11.d4 Qd8a5
12.c3 Rb8xb5
13.Bf1xb5 Qa5xb5
14.dxc5 Be7xc5
15.a4 Qb5xb2
16.Rh1h2 Qb2xc3
17.Nf3d2 Qc3xe3
18.Qd1e2 Qe3g3
19.Kd1 Qg3xh2
20.Nd2f1 Qh2xe5
21.Qe2b5 Qe5xa1
22.Ke2 Qa1a2
23.Nf1d2 Qa2d5
24.g4 Bf5g6
25.a5 Ng8e7
26.Nd2c4 Bg6d3
27.Kd2 Bd3xc4
{ resign }
0-1

[Event "Tourn. n9924"]
[Site "www.echecsemail.com"]
[Date "2018.09.23"]
[Round "1"]
[White "Louis"]
[Black "Bojan"]
[WhiteElo "2020"]
[BlackElo "2010"]
[Result "1-0"]
[Round "1"]
1.d4 g6
2.g3 Bf8g7
3.Bf1g2 c6
4.c4 d6
5.Ng1f3 Ng8f6
6.O-O Bc8e6
7.b3 Qd8c8
8.Bc1b2 d5
9.Nb1d2 Nb8d7
10.Rf1e1 dxc4
11.bxc4 Ra8b8
12.Nf3g5 Nd7b6
13.e4 Nb6xc4
14.Nd2xc4 Be6xc4
15.Ra1c1 Bc4xa2
16.Qd1c2 h6
17.Ng5h3 Ba2e6
18.Nh3f4 Be6g4
19.d5 Bg4d7
20.e5 Nf6xd5
21.Nf4xd5 Bd7f5
22.Qc2d1 Qc8d8
23.Nd5c3 Qd8b6
24.Bb2a3 Qb6a5
25.Qd1a4 Qa5c7
26.Bg2e4 Bf5xe4
27.Qa4xe4 g5
28.Kg2 e6
29.f4 g4
30.Ba3c5 b6
31.Bc5d4 Rb8d8
32.Rc1c2 Qc7b7
33.Re1b1 b5
34.Kg1 Bg7f8
35.Nc3xb5 Qb7a6
36.Nb5c7 { resign }
1-0

[Event "Tourn. n9845"]
[Site "www.echecsemail.com"]
[Date "2018.09.23"]
[Round "1"]
[White "Tartan"]
[Black "Reignblowcan"]
[WhiteElo "2510"]
[BlackElo "2390"]
[Result "0-1"]
[Round "1"]
1.e4 e5
2.Ng1f3 Nb8c6
3.Bf1b5 Ng8f6
4.d3 Bf8c5
5.Bb5xc6 dxc6
6.h3 Nf6d7
7.Bc1g5 f6
8.Bg5e3 b6
9.O-O a5
10.Rf1e1 Bc8a6
11.Nf3h4 g6
12.Qd1g4 Qd8e7
13.Be3xc5 Nd7xc5
14.Nb1c3 Nc5e6
15.a3 O-O-O
16.Nh4f3 h5
17.Qg4g3 Kb8
18.Nc3e2 g5
19.Nf3d2 h4
20.Qg3f3 Rd8g8
21.Ra1d1 g4
22.hxg4 Ba6c8
23.Nd2f1 Ne6g5
24.Qf3e3 Bc8xg4
25.Nf1h2 Ng5h3
26.Kh1 Bg4xe2
27.Qe3xe2 Rg8xg2
28.Qe2f3 Nh3f4
29.Re1g1 h3
30.Nh2f1 Qe7g7
31.Nf1g3 c5
32.c3 Qg7g5
33.d4 cxd4
34.cxd4 exd4
35.Rd1xd4 Nf4g6
36.b4 Ng6h4
37.Qf3d1 Rg2xf2
38.Rd4d8 Rh8xd8
39.Qd1xd8 Kb7
40.bxa5 Nh4f3
41.a6 Kc6
42.Qd8e8 Kc5
43.Qe8f8 Kb5
44.Rg1b1 Ka5
45.Qf8b4 Kxa6
46.Qb4c4 Kb7
{ resign }
0-1

[Event "Tourn. n9844"]
[Site "www.echecsemail.com"]
[Date "2018.09.23"]
[Round "1"]
[White "Ditto"]
[Black "Passaroa25"]
[WhiteElo "1800"]
[BlackElo "1670"]
[Result "1-0"]
[Round "1"]
1.e4 Nb8c6
2.Nb1c3 Ng8f6
3.Bf1c4 Nc6e5
4.Bc4b3 e6
5.d3 Ne5c6
6.Ng1f3 a6
7.O-O Bf8e7
8.Rf1e1 O-O
9.Bc1f4 Nf6h5
10.Bf4e3 Nh5f6
11.Be3f4 d6
12.Qd1d2 Bc8d7
13.e5 Nf6d5
14.exd6 Be7xd6
15.Bf4g5 f6
16.Bg5h4 Bd6f4
17.Qd2d1 Bf4d6
18.Nc3xd5 g5
19.Bh4g3 exd5
20.Bb3xd5 Kg7
21.c3 h5
22.Bg3xd6 cxd6
23.Nf3d2 h4
24.Bd5e4 Ra8b8
25.Qd1h5 Rf8h8
26.Qh5g6 Kf8
27.Nd2c4 Qd8e7
28.Be4xc6 Qe7g7
29.Qg6xg7 Kxg7
30.Re1e7 Kf8
31.Re7xd7 bxc6
32.Rd7xd6 Kf7
33.Ra1e1 Rh8e8
34.Rd6d7 Kg6
35.Re1xe8 Rb8xe8
36.Kf1 Re8e6
37.h3 Kf5
38.Rd7a7 c5
39.Nc4e3 Kg6
40.Ra7c7 Re6e5
41.Rc7c6 a5
42.Ne3c4 Re5f5
43.Nc4d6 Rf5d5
44.Ke2 Kh5
45.Nd6e4 f5
46.Ne4f6 Kg6
47.Nf6xd5 Kh5
48.Nd5e3 { resign }
1-0

[Event "Tourn. n9872"]
[Site "www.echecsemail.com"]
[Date "2018.09.23"]
[Round "1"]
[White "Tartan"]
[Black "Stepanpech"]
[WhiteElo "2560"]
[BlackElo "2460"]
[Result "1-0"]
[Round "1"]
1.d4 d5
2.c4 c6
3.Ng1f3 Ng8f6
4.Nb1c3 e6
5.e3 Nb8d7
6.Bf1d3 dxc4
7.Bd3xc4 b5
8.Bc4d3 a6
9.a4 b4
10.Nc3e4 c5
11.O-O Bc8b7
12.Ne4d2 Bf8e7
13.Qd1e2 O-O
14.a5 Qd8c7
15.Nd2c4 Nf6g4
16.Nc4d2 Ng4f6
17.Nd2c4 Rf8d8
18.Rf1e1 Ra8c8
19.b3 Nf6e4
20.Qe2c2 Nd7f6
21.Nc4b6 Rc8b8
{ time. }
1-0

[Event "Match"]
[Site "www.echecsemail.com"]
[Date "2018.09.23"]
[Round "1"]
[White "Guidom"]
[Black "Apdash"]
[WhiteElo "2160"]
[BlackElo "2160"]
[Result "0-1"]
[Round "1"]
1.e4 e5
2.Ng1f3 Nb8c6
3.Bf1b5 Ng8e7
4.O-O a6
5.Bb5a4 b5
6.Ba4b3 Ne7g6
7.d3 Bf8c5
8.c3 O-O
9.Bc1g5 Bc5e7
10.Bg5xe7 Nc6xe7
11.Nb1d2 d5
12.exd5 Ne7xd5
13.Rf1e1 Nd5f4
14.d4 exd4
15.Nf3xd4 c5
16.Nd4f3 Bc8g4
17.h3 Bg4h5
18.Bb3c2 f5
19.a4 c4
20.axb5 axb5
21.Ra1xa8 Qd8xa8
22.Qd1b1 Qa8d5
23.b3 Kh8
24.bxc4 bxc4
25.Kh2 Nf4d3
26.Bc2xd3 cxd3
27.c4 Qd5c5
28.Qb1xd3 Qc5xf2
29.Re1e2 Qf2c5
30.Nd2b3 Qc5c7
31.g3 Bh5xf3
32.Re2f2 Bf3e4
33.Qd3d4 Rf8d8
34.Qd4c5 Rd8d1
{ resign }
0-1

[Event "Match"]
[Site "www.echecsemail.com"]
[Date "2018.09.23"]
[Round "1"]
[White "Trisomie73"]
[Black "Krystek23"]
[WhiteElo "1809"]
[BlackElo "2530"]
[Result "0-1"]
[Round "1"]
1.d4 Ng8f6
2.c4 g6
3.Ng1f3 Bf8g7
4.e3 d6
5.Nb1c3 O-O
6.Bf1e2 Nb8d7
7.O-O e5
8.Qd1c2 Rf8e8
9.Rf1d1 exd4
10.exd4 Nd7f8
11.Bc1e3 Bc8f5
12.Qc2d2 c6
{ time. }
0-1

[Event "Tourn. n9858"]
[Site "www.echecsemail.com"]
[Date "2018.09.23"]
[Round "1"]
[White "Danquigley"]
[Black "Tartan"]
[WhiteElo "2610"]
[BlackElo "2510"]
[Result "1-0"]
[Round "1"]
1.c4 e6
2.g3 d5
3.Bf1g2 c6
4.Ng1f3 Nb8d7
5.O-O Bf8e7
6.b3 Ng8f6
7.Bc1b2 O-O
8.d4 b6
9.Nb1c3 Bc8a6
10.a4 Ra8c8
11.Nf3d2 Qd8c7
12.Ra1c1 dxc4
13.bxc4 Qc7d6
14.e3 Qd6b4
15.Qd1c2 Rf8d8
16.Nc3e2 Qb4a5
17.e4 e5
18.Bb2c3 Be7b4
19.Nd2b3 Qa5xa4
20.Rc1a1 Bb4a3
21.Ra1xa3 Qa4xa3
22.Rf1a1 Qa3e7
23.Ra1xa6 c5
24.dxe5 Nd7xe5
25.Ne2f4 Ne5c6
26.Ra6a1 Nc6d4
27.Qc2b2 Qe7d6
28.Nf4d5 Nf6xd5
29.cxd5 Nd4xb3
30.e5 Qd6d7
31.Qb2xb3 h6
32.e6 fxe6
33.Bg2h3 c4
34.Qb3c2 Rd8e8
35.Qc2g6 Qd7f7
36.Qg6xf7 Kxf7
37.Ra1xa7 { resign }
1-0

[Event "Match"]
[Site "www.echecsemail.com"]
[Date "2018.09.23"]
[Round "1"]
[White "Ericleo1980"]
[Black "Gambitmiau"]
[WhiteElo "2000"]
[BlackElo "1940"]
[Result "1/2-1/2"]
[Round "1"]
1.d4 d5
2.Ng1f3 Nb8c6
3.c4 e6
4.Nb1c3 dxc4
5.e4 Nc6a5
6.Qd1a4 Na5c6
7.Bf1xc4 a6
8.Bc1e3 Bc8d7
9.Qa4c2 Bf8b4
10.a3 Nc6a5
11.Bc4d3 Bb4e7
12.b4 Na5c6
13.e5 b5
14.Nc3e4 a5
15.bxa5 Nc6xa5
16.Be3d2 f5
17.Ne4g3 Bd7c6
18.O-O { draw }
1/2-1/2

[Event "Tourn. n9924"]
[Site "www.echecsemail.com"]
[Date "2018.09.24"]
[Round "1"]
[White "Fantomas"]
[Black "Louis"]
[WhiteElo "2130"]
[BlackElo "2030"]
[Result "0-1"]
[Round "1"]
1.Ng1f3 d5
2.g3 g6
3.Bf1g2 Bf8g7
4.d4 Ng8f6
5.O-O O-O
6.Bc1g5 Nf6e4
7.Bg5f4 c5
8.e3 Nb8c6
9.h3 f5
10.Nf3h2 cxd4
11.exd4 Nc6xd4
12.c3 Nd4e6
13.Bf4e3 b6
14.Qd1c2 Bc8b7
15.Nb1d2 Ne4xd2
16.Qc2xd2 Bb7a6
17.Rf1e1 Ba6b7
18.Nh2f1 f4
19.gxf4 Ra8b8
20.Nf1g3 Qd8d6
21.Ng3e2 d4
22.Ne2xd4 Ne6xd4
23.cxd4 Bb7xg2
24.Kxg2 Rf8f7
25.b3 Rf7f5
26.Ra1d1 Rb8d8
27.Qd2e2 Qd6d5
28.f3 Qd5d7
29.Rd1d3 b5
30.Re1d1 a6
31.Qe2d2 Qd7d6
32.h4 Rf5d5
33.Qd2f2 b4
34.Qf2d2 a5
35.Qd2f2 Bg7f6
36.Kh3 Rd5h5
37.Kg2 Bf6xh4
38.Qf2d2 Bh4f6
39.Rd1h1 Kf7
40.Rh1xh5 gxh5
41.Kf1 Qd6d7
42.Qd2h2 h4
43.d5 h3
44.Qh2c2 Qd7f5
45.Rd3d2 Qf5g6
46.Qc2xg6 Kxg6
47.Kg1 Rd8d6
48.Kh2 Bf6c3
49.Rd2d1 e6
50.Rd1g1 Kf6
51.dxe6 Rd6xe6
52.Be3a7 Re6e2
53.Kxh3 Re2xa2
54.Ba7b6 a4
55.bxa4 b3
{ resign }
0-1

[Event "Match"]
[Site "www.echecsemail.com"]
[Date "2018.09.24"]
[Round "1"]
[White "Whitekknight"]
[Black "Apdash"]
[WhiteElo "1840"]
[BlackElo "2150"]
[Result "0-1"]
[Round "1"]
1.e4 c5
2.Ng1f3 d6
3.d4 cxd4
4.Nf3xd4 Nb8c6
5.Bf1b5 Bc8d7
6.Nd4xc6 bxc6
7.Bb5e2 g6
8.O-O Bf8g7
9.Nb1c3 Ng8f6
10.Rf1e1 O-O
11.Bc1d2 Ra8b8
12.b3 e5
13.Bd2g5 Qd8a5
14.Bg5d2 Qa5c7
15.Be2f3 Rf8e8
16.h3 Bd7e6
17.Kh2 d5
18.exd5 cxd5
19.Kg1 e4
20.Bf3e2 d4
21.Nc3b1 Nf6d5
22.Kf1 Qc7h2
23.f3 e3
24.Be2c4 Nd5f4
{ resign }
0-1

[Event "Tourn. n9939"]
[Site "www.echecsemail.com"]
[Date "2018.09.24"]
[Round "1"]
[White "Cathar"]
[Black "Darko10"]
[WhiteElo "2280"]
[BlackElo "2850"]
[Result "0-1"]
[Round "1"]
1.Ng1f3 d5
2.g3 g6
3.Bf1g2 Bf8g7
4.O-O e5
5.d3 Ng8e7
6.c4 c6
7.Qd1b3 O-O
8.Nb1c3 h6
9.Rf1d1 d4
10.Nc3e4 f5
11.c5 Ne7d5
12.Ne4d6 Nb8a6
13.Qb3c4 Qd8e7
14.Nd6xc8 Ra8xc8
15.b4 Na6xb4
{ resign }
0-1

[Event "Match"]
[Site "www.echecsemail.com"]
[Date "2018.09.24"]
[Round "1"]
[White "Zack1984"]
[Black "Goofy"]
[WhiteElo "1370"]
[BlackElo "2360"]
[Result "1-0"]
[Round "1"]
1.b4 e5
2.Bc1b2 d6
3.c4 f5
4.e3 Ng8f6
5.d4 exd4
6.exd4 Bf8e7
7.Ng1f3 O-O
8.Bf1d3 d5
9.a3 dxc4
10.Bd3xc4 Nf6d5
11.Nb1c3 c6
12.Qd1b3 Bc8e6
13.b5 Be7f6
14.O-O Be6f7
15.Nf3e5 Bf6xe5
16.dxe5 Nd5xc3
17.e6 { resign }
1-0

[Event "Match"]
[Site "www.echecsemail.com"]
[Date "2018.09.24"]
[Round "1"]
[White "Estonia"]
[Black "Apdash"]
[WhiteElo "2010"]
[BlackElo "2160"]
[Result "0-1"]
[Round "1"]
1.f4 e5
2.Ng1f3 e4
3.Nf3e5 d6
4.Ne5c4 Ng8f6
5.e3 b5
6.Nc4a3 a6
7.Na3xb5 axb5
8.Bf1xb5 c6
9.Bb5e2 Bc8a6
10.Nb1c3 Ba6xe2
11.Qd1xe2 d5
12.d4 Bf8b4
13.Bc1d2 O-O
14.O-O Nb8d7
15.a3 Bb4d6
16.b4 Nd7b6
17.b5 c5
18.dxc5 Bd6xc5
19.a4 Nb6c4
20.Kh1 Rf8e8
21.Qe2d1 Bc5xe3
22.Bd2c1 Be3xc1
23.Qd1xc1 d4
24.Nc3e2 Ra8c8
25.Qc1e1 Nc4e3
26.Rf1g1 Ne3xc2
27.Qe1g3 d3
28.Ra1d1 Qd8b6
29.Ne2c1 Nc2e3
{ resign }
0-1

[Event "Match"]
[Site "www.echecsemail.com"]
[Date "2018.09.24"]
[Round "1"]
[White "Bojan"]
[Black "Mitja"]
[WhiteElo "1950"]
[BlackElo "1960"]
[Result "1-0"]
[Round "1"]
1.d4 d5
2.c4 dxc4
3.Qd1a4 c6
4.Qa4xc4 e6
5.a3 h6
6.Bc1d2 Bf8e7
7.b4 b5
8.Qc4d3 a6
9.Bd2c3 Ng8f6
10.Nb1d2 Nf6d5
11.Bc3b2 Bc8b7
12.g3 Nb8d7
13.Bf1g2 Nd7f6
14.e4 Nd5b6
15.Ra1a2 Ra8c8
16.Nd2b3 Nb6c4
17.Bb2c3 Bb7a8
18.Ng1f3 Qd8c7
19.Nf3d2 Nc4xd2
20.Bc3xd2 Rc8d8
21.e5 Nf6d5
22.Ra2c2 Nd5b6
23.Nb3a5 O-O
24.O-O Nb6d5
25.Rf1c1 Qc7a7
26.Na5xc6 Ba8xc6
27.Rc2xc6 Nd5b6
28.Rc6c7 Qa7b8
29.Rc7xe7 Nb6c4
30.Bd2f4 g5
31.Re7b7 Qb8c8
32.Bf4e3 Rd8d7
33.Rb7xd7 Qc8xd7
34.Rc1xc4 bxc4
35.Qd3xc4 Rf8c8
36.Qc4xa6 Rc8c3
37.b5 Rc3b3
38.a4 Rb3b1
39.Bg2f1 Kg7
40.b6 Qd7c6
41.a5 g4
42.Qa6d3 Rb1a1
43.Be3d2 Qc6f3
44.Qd3xf3 gxf3
45.b7 { resign }
1-0

[Event "Tourn. n9949"]
[Site "www.echecsemail.com"]
[Date "2018.09.24"]
[Round "1"]
[White "Panham"]
[Black "Coolant"]
[WhiteElo "2170"]
[BlackElo "2300"]
[Result "0-1"]
[Round "1"]
1.e4 Nb8c6
2.d4 d5
3.exd5 Qd8xd5
4.Bc1e3 e5
5.Nb1c3 Bf8b4
6.Qd1f3 Qd5a5
7.Ng1e2 Ng8f6
8.Qf3g3 O-O
9.dxe5 Nc6xe5
10.a3 Bb4d6
11.Ne2f4 Nf6e4
{ resign }
0-1

[Event "Tourn. n9955"]
[Site "www.echecsemail.com"]
[Date "2018.09.24"]
[Round "1"]
[White "Fantomas"]
[Black "Coolant"]
[WhiteElo "2130"]
[BlackElo "2290"]
[Result "0-1"]
[Round "1"]
1.e4 c5
2.Ng1f3 e6
3.d4 cxd4
4.Nf3xd4 a6
5.Bf1e2 Qd8c7
6.O-O Nb8c6
7.Bc1e3 Ng8f6
8.f3 Bf8d6
9.h3 Nf6h5
10.Be3f2 Nc6xd4
11.Qd1xd4 Bd6h2
12.Kh1 Bh2e5
{ resign }
0-1

[Event "Tourn. n9956"]
[Site "www.echecsemail.com"]
[Date "2018.09.24"]
[Round "1"]
[White "Mitja"]
[Black "Bojan"]
[WhiteElo "1960"]
[BlackElo "1930"]
[Result "1/2-1/2"]
[Round "1"]
1.d4 g6
2.e3 Bf8g7
3.c3 c6
4.Ng1f3 d6
5.h3 b6
6.Bf1e2 Nb8d7
7.Nb1d2 Bc8b7
8.b3 Qd8c7
9.Bc1b2 c5
10.dxc5 dxc5
11.Qd1c1 Ng8h6
12.Nd2c4 a6
13.Nc4a3 Nd7e5
14.Nf3xe5 Qc7xe5
15.O-O Qe5g5
16.f3 Nh6f5
17.e4 Qg5xc1
18.Ra1xc1 Nf5g3
19.Rf1e1 Ng3xe2
20.Re1xe2 Ra8d8
21.Na3c4 b5
22.Nc4e3 e6
23.Bb2a3 Rd8c8
24.Re2d2 O-O
25.Ba3b2 Rf8d8
26.Rc1d1 Rd8xd2
27.Rd1xd2 Bg7h6
28.Kf2 Bb7c6
29.Rd2d1 Bh6g7
30.Bb2a1 Kf8
31.a3 Ke7
32.g4 a5
{ draw }
1/2-1/2

[Event "Tourn. n9904"]
[Site "www.echecsemail.com"]
[Date "2018.09.24"]
[Round "1"]
[White "Andychesston"]
[Black "Ditto"]
[WhiteElo "2070"]
[BlackElo "1880"]
[Result "1-0"]
[Round "1"]
1.e4 e5
2.Ng1f3 Nb8c6
3.d4 exd4
4.Nf3xd4 Nc6xd4
5.Qd1xd4 d6
6.Nb1c3 Ng8f6
7.Bc1g5 Bf8e7
8.O-O-O O-O
9.Bf1d3 Bc8g4
10.f3 Bg4e6
11.Kb1 c6
12.e5 c5
13.Qd4h4 h6
14.Bg5xh6 Nf6h7
15.Qh4g3 g6
16.Bd3xg6 Nh7g5
17.Bg6d3 Rf8e8
18.exd6 Be7xd6
19.Qg3h4 Bd6e7
20.Bd3h7 Ng5xh7
21.Qh4g3 Be7g5
22.Rd1xd8 Ra8xd8
23.Bh6xg5 Nh7xg5
24.Qg3xg5 Kf8
25.Nc3e4 b6
26.Qg5h6 Ke7
27.Qh6g5 Kf8
28.Ne4f6 Ke7
29.h4 Re8h8
30.Nf6g8 Ke8
31.Qg5e7 { resign }
1-0

[Event "Tourn. n9951"]
[Site "www.echecsemail.com"]
[Date "2018.09.24"]
[Round "1"]
[White "Roque1"]
[Black "Bojan"]
[WhiteElo "1820"]
[BlackElo "1930"]
[Result "1-0"]
[Round "1"]
1.e4 e5
2.Ng1f3 d6
3.Bf1c4 h6
4.O-O Ng8f6
5.Nb1c3 a6
6.d3 Nb8c6
7.Bc1e3 Nc6a5
8.b3 Bc8g4
9.Qd1d2 Bg4xf3
10.gxf3 c6
11.d4 Na5xc4
12.bxc4 Nf6h5
13.Kh1 Qd8f6
14.f4 exf4
15.e5 Qf6f5
16.Be3xf4 Nh5xf4
17.exd6 Bf8xd6
18.Ra1e1 Kd7
19.Nc3e4 Qf5g4
20.f3 Qg4h4
21.Ne4xd6 Kxd6
22.Re1e4 g5
23.Qd2b4 Kc7
24.Re4e7 { resign }
1-0

[Event "Tourn. n9937"]
[Site "www.echecsemail.com"]
[Date "2018.09.24"]
[Round "1"]
[White "Cal"]
[Black "Ditto"]
[WhiteElo "1770"]
[BlackElo "1840"]
[Result "1-0"]
[Round "1"]
1.c4 e5
2.e4 Nb8c6
3.a3 Bf8c5
4.d3 Ng8f6
5.h3 d6
6.Bc1d2 Bc8d7
7.Nb1c3 Bd7e6
8.Ng1f3 h6
9.Bf1e2 a6
10.O-O Nc6d4
11.Nf3h2 Qd8d7
{ time. }
1-0

[Event "1/64 Finale"]
[Site "www.chess-mail.com"]
[Date "2018.09.24"]
[Round "1"]
[White "Zack1984"]
[Black "Mitja"]
[WhiteElo "1370"]
[BlackElo "1960"]
[Result "1-0"]
[Round "1"]
1.b4 d5
2.Bc1b2 e6
3.Ng1f3 h6
4.e3 c6
5.c4 dxc4
6.Bf1xc4 Ng8f6
7.a3 Nb8d7
8.Qd1c2 b5
9.Bc4a2 Bc8b7
10.O-O Bf8d6
11.e4 Bd6c7
12.d4 Nd7b6
13.Nb1d2 Qd8e7
14.Rf1e1 O-O-O
15.Nd2b3 Nb6c4
16.Bb2c3 g5
17.Nb3c5 Nc4b6
18.Ba2b3 Nf6d7
19.Nc5xb7 Kxb7
20.d5 Rh8g8
21.dxc6 Kxc6
22.Bc3f6 { resign }
1-0

[Event "Match"]
[Site "www.echecsemail.com"]
[Date "2018.09.25"]
[Round "1"]
[White "Wegaman"]
[Black "Piekki"]
[WhiteElo "2080"]
[BlackElo "2250"]
[Result "0-1"]
[Round "1"]
1.d4 d5
2.c4 e6
3.Nb1c3 Ng8f6
4.Bc1g5 Bf8e7
5.Ng1f3 Nb8d7
6.e3 c6
7.Bf1e2 O-O
8.O-O dxc4
9.Be2xc4 b6
10.Rf1e1 Bc8b7
11.Bc4b3 c5
12.dxc5 Be7xc5
13.Ra1c1 Bc5e7
14.h3 Ra8c8
15.e4 e5
16.a3 Nd7c5
17.Bb3c2 Be7d6
18.Bg5h4 Nc5e6
19.Nf3g5 Ne6f4
20.Bh4g3 Nf6h5
21.Ng5f3 Bd6xa3
22.Qd1xd8 Rf8xd8
23.Bc2b1 Ba3xb2
{ resign }
0-1

[Event "Match"]
[Site "www.echecsemail.com"]
[Date "2018.09.25"]
[Round "1"]
[White "Apdash"]
[Black "Caspito"]
[WhiteElo "2080"]
[BlackElo "1880"]
[Result "1-0"]
[Round "1"]
1.d4 d5
2.Ng1f3 Ng8f6
3.c4 g6
4.Nb1c3 dxc4
5.e4 Bc8g4
6.Bf1xc4 e6
7.h3 Bg4xf3
8.gxf3 Bf8b4
9.Qd1a4 Nb8c6
10.Bc1e3 O-O
11.O-O-O a6
12.Qa4c2 Qd8e7
13.d5 Nc6e5
14.Bc4e2 c6
15.f4 Ra8c8
16.fxe5 Nf6e8
17.d6 Qe7d7
18.Be3h6 Ne8g7
19.h4 Rf8e8
20.Bh6xg7 Kxg7
21.Nc3a4 Bb4a5
22.Na4c5 Qd7d8
23.d7 Rc8c7
24.dxe8R Qd8xe8
25.h5 Qe8e7
26.hxg6 fxg6
27.Be2g4 Qe7g5
28.Kb1 Qg5xg4
29.Nc5d7 Qg4f3
30.Nd7f6 h5
31.Nf6e8 { resign }
1-0

[Event "Match"]
[Site "www.echecsemail.com"]
[Date "2018.09.25"]
[Round "1"]
[White "Caspito"]
[Black "Zack1984"]
[WhiteElo "1870"]
[BlackElo "1370"]
[Result "1/2-1/2"]
[Round "1"]
1.e4 Ng8f6
2.Nb1c3 Nb8c6
3.Ng1f3 e5
4.d4 exd4
5.Nf3xd4 Bf8b4
6.Nd4xc6 bxc6
7.Qd1f3 d5
8.Bc1g5 dxe4
9.Bg5xf6 exf3
10.Bf6xd8 Bb4xc3
11.bxc3 Kxd8
12.O-O-O Ke7
13.gxf3 Bc8e6
14.Rd1e1 Kd6
15.a3 Rh8e8
16.f4 Be6f5
17.Bf1g2 Kc5
18.Kb2 Ra8b8
19.Kc1 Re8e6
{ draw }
1/2-1/2

[Event "Tourn. n9908"]
[Site "www.echecsemail.com"]
[Date "2018.09.25"]
[Round "1"]
[White "Comrade"]
[Black "Fantomas"]
[WhiteElo "2180"]
[BlackElo "2110"]
[Result "0-1"]
[Round "1"]
1.c4 c5
2.Nb1c3 Ng8f6
3.g3 e6
4.Bf1g2 d6
5.e3 a6
6.a4 Qd8c7
7.Ng1e2 Nb8c6
8.d4 Nc6b4
9.b3 Bc8d7
10.O-O Bd7c6
11.d5 exd5
12.Nc3xd5 Nb4xd5
13.cxd5 Bc6d7
14.Bc1b2 Bf8e7
15.Ra1c1 Qc7d8
16.f4 O-O
17.e4 Nf6g4
18.Qd1d3 Be7f6
19.Bb2xf6 Ng4xf6
20.e5 dxe5
21.fxe5 Nf6g4
22.e6 fxe6
23.Rf1xf8 Qd8xf8
24.Rc1f1 Qf8d6
25.Ne2f4 e5
26.Nf4e2 Ng4f6
27.Ne2c3 Ra8e8
28.Nc3e4 Nf6xe4
29.Bg2xe4 g6
30.Rf1c1 b5
31.axb5 axb5
32.Qd3e3 Re8c8
33.Qe3f2 Kg7
34.h4 Bd7e8
35.Qf2f1 Qd6f6
36.Qf1h3 Qf6a6
37.d6 Rc8d8
38.Rc1xc5 Qa6xd6
39.Rc5d5 Qd6b6
40.Kh2 Qb6f2
41.Qh3g2 Qf2xg2
42.Kxg2 Rd8xd5
43.Be4xd5 Be8f7
{ resign }
0-1

[Event "Tourn. n9938"]
[Site "www.echecsemail.com"]
[Date "2018.09.25"]
[Round "1"]
[White "Karamelka"]
[Black "Francesco"]
[WhiteElo "2060"]
[BlackElo "1890"]
[Result "1-0"]
[Round "1"]
1.e4 c6
2.d4 d5
3.e5 Bc8f5
4.Ng1f3 e6
5.Bf1e2 Nb8d7
6.O-O c5
7.c4 dxc4
8.Nb1a3 Nd7b6
9.Na3xc4 Nb6xc4
10.Qd1a4 Qd8d7
11.Qa4xc4 cxd4
12.Nf3xd4 Bf5g6
13.Rf1d1 Ra8c8
14.Qc4b3 Bf8c5
15.Be2b5 Rc8c6
16.Nd4xc6 { resign }
1-0

[Event "Tourn. n9926"]
[Site "www.echecsemail.com"]
[Date "2018.09.25"]
[Round "1"]
[White "Cathar"]
[Black "Coolant"]
[WhiteElo "2360"]
[BlackElo "2360"]
[Result "0-1"]
[Round "1"]
1.b3 e5
2.Bc1b2 Nb8c6
3.Ng1f3 e4
4.Nf3d4 Ng8f6
5.e3 Nc6xd4
6.Bb2xd4 c5
7.Bd4b2 d5
8.d3 exd3
9.cxd3 Bf8d6
10.Bf1e2 O-O
11.O-O b6
12.Nb1d2 Bc8b7
13.Nd2f3 Qd8e7
14.Ra1c1 Rf8e8
15.Qd1c2 Ra8c8
16.Rf1e1 Nf6d7
17.Qc2b1 Nd7e5
18.Nf3xe5 Bd6xe5
19.Be2f1 Rc8c6
20.Bb2xe5 Qe7xe5
21.Qb1a1 Qe5h5
22.h3 Rc6g6
23.Kh2 Re8e6
24.Qa1b2 f5
25.g3 Rg6h6
26.Qb2e2 Qh5e8
27.Qe2d2 d4
28.exd4 Qe8c6
{ resign }
0-1

[Event "Tourn. n9922"]
[Site "www.echecsemail.com"]
[Date "2018.09.25"]
[Round "1"]
[White "Marbachess"]
[Black "Cathar"]
[WhiteElo "2550"]
[BlackElo "2370"]
[Result "1-0"]
[Round "1"]
1.f4 d5
2.b3 Bc8g4
3.h3 Bg4h5
4.g4 Bh5g6
5.d3 e6
6.Ng1f3 Nb8d7
7.Bc1b2 Ng8f6
8.Qd1d2 Bf8e7
9.Nb1c3 c6
10.O-O-O b5
11.Kb1 a5
12.h4 h6
13.h5 Bg6h7
14.g5 hxg5
15.fxg5 Nf6g4
16.h6 { resign }
1-0

[Event "Match"]
[Site "www.echecsemail.com"]
[Date "2018.09.25"]
[Round "1"]
[White "Alekpax"]
[Black "Paco"]
[WhiteElo "2400"]
[BlackElo "1950"]
[Result "1-0"]
[Round "1"]
1.e4 e5
2.Ng1f3 Nb8c6
3.Bf1b5 a6
4.Bb5a4 Ng8f6
5.O-O Bf8c5
6.c3 Nf6xe4
7.Qd1e2 d5
8.d3 Ne4f6
9.d4 Bc5b6
10.Nf3xe5 O-O
11.Ne5xc6 bxc6
12.Ba4xc6 Ra8b8
13.Bc1f4 Bb6a7
14.Bf4e5 Rb8b6
15.Be5xf6 gxf6
16.Bc6a4 Rb6e6
17.Qe2h5 Qd8e7
18.Ba4c2 Re6e4
19.Nb1d2 Bc8g4
20.Qh5h6 f5
21.Bc2xe4 dxe4
22.f3 exf3
23.gxf3 Kh8
24.Ra1e1 Qe7d6
25.Qh6xd6 cxd6
26.fxg4 Rf8g8
27.Rf1xf5 Rg8xg4
28.Kh1 Kg7
29.Re1e7 { resign }
1-0

[Event "Match"]
[Site "www.echecsemail.com"]
[Date "2018.09.25"]
[Round "1"]
[White "Apdash"]
[Black "Geodad5"]
[WhiteElo "2150"]
[BlackElo "2120"]
[Result "1-0"]
[Round "1"]
1.d4 d5
2.c4 e6
3.Ng1f3 Ng8f6
4.Nb1c3 Bf8e7
5.e3 O-O
6.Qd1c2 h6
7.cxd5 exd5
8.Bf1e2 Bc8e6
9.b3 Nb8d7
10.O-O Ra8c8
11.Bc1b2 c5
12.Qc2d2 a6
13.Nf3e5 Nf6e4
14.Nc3xe4 dxe4
15.Ne5xd7 Qd8xd7
16.Ra1d1 Rf8d8
17.f4 exf3
18.Be2xf3 cxd4
19.exd4 Be6d5
20.Qd2f4 Be7g5
21.Qf4e5 Bd5xf3
22.Rf1xf3 Rd8e8
23.Qe5g3 Re8e2
24.Bb2c3 Re2xa2
25.h4 Bg5e7
26.d5 Be7d6
27.Qg3xg7 { resign }
1-0